LEADER 02876oam 2200565I 450 001 9910462925503321 005 20200520144314.0 010 $a0-203-38617-5 010 $a1-136-73266-7 024 7 $a10.4324/9780203386170 035 $a(CKB)2670000000353097 035 $a(EBL)1181100 035 $a(OCoLC)843640138 035 $a(MiAaPQ)EBC1181100 035 $a(Au-PeEL)EBL1181100 035 $a(CaPaEBR)ebr10691801 035 $a(CaONFJC)MIL485249 035 $a(OCoLC)841809979 035 $a(EXLCZ)992670000000353097 100 $a20180706d2013 uy 0 101 0 $aeng 135 $aur|n|---||||| 200 10$aJustice, order and anarchy $ethe international political theory of Pierre-Joseph Proudhon /$fAlex Prichard 210 1$aMilton Park, Abingdon, Oxon :$cRoutledge,$d2013. 215 $a1 online resource (238 p.) 225 1 $aThe New International Relations 300 $aDescription based upon print version of record. 311 $a1-138-89050-2 311 $a0-415-59688-2 320 $aIncludes bibliographical references and index. 327 $aCover; Title Information; Title Page; Copyright Page; Table of Contents; Series editor'sforeword; Acknowledgements; 1 Retrieving Proudhon; 2 Anarchy and Contemporary IRtheory; 3 National unity and the nineteenth-centuryEuropean equilibrium; 4 War, providence and the international order in the thought of Rousseau, Kant andComte; 5 From providence to immanence: force and justice in Proudhon's socialontology; 6 The historical sociology of war: order and justice in Proudhon's La Guerre et laPaix; 7 Anarchy, mutualism and the federativeprinciple 327 $a8 Anarchy is what we make of it: rethinking justice, order and anarchytodayNotes; Bibliography; Index 330 $aThis book provides a contextual account of the first anarchist theory of war and peace, and sheds new light on our contemporary understandings of anarchy in International Relations. Although anarchy is arguably the core concept of the discipline of international relations, scholarship has largely ignored the insights of the first anarchist, Pierre-Joseph Proudhon. Proudhon's anarchism was a critique of the projects of national unification, universal dominion, republican statism and the providentialism at the heart of enlightenment social theory. While his break with the key tropes of modern 410 0$aNew international relations. 606 $aAnarchism 606 $aMutualism 606 $aSocial justice 608 $aElectronic books. 615 0$aAnarchism. 615 0$aMutualism. 615 0$aSocial justice. 676 $a335/.83 700 $aPrichard$b Alex.$0940365 801 0$bMiAaPQ 801 1$bMiAaPQ 801 2$bMiAaPQ 906 $aBOOK 912 $a9910462925503321 996 $aJustice, order and anarchy$92120657 997 $aUNINA LEADER 02042nam 2200553 450 001 9910819043103321 005 20230803032310.0 010 $a0-8101-6635-6 035 $a(CKB)2670000000560573 035 $a(SSID)ssj0001036547 035 $a(PQKBManifestationID)11575439 035 $a(PQKBTitleCode)TC0001036547 035 $a(PQKBWorkID)11042056 035 $a(PQKB)10300552 035 $a(MiAaPQ)EBC5491109 035 $a(OCoLC)867739728 035 $a(MdBmJHUP)muse31162 035 $a(Au-PeEL)EBL5491109 035 $a(EXLCZ)992670000000560573 100 $a20180829d2013 uy 0 101 0 $aeng 135 $aurcnu|||||||| 181 $ctxt 182 $cc 183 $acr 200 10$aToxic voices $ethe villain from early Soviet literature to Socialist realism /$fEric Laursen 210 1$aEvanston, Illinois :$cNorthwestern University Press,$d2013. 215 $a1 online resource (xiii, 170 pages) 225 1 $aNorthwestern University Press studies in Russian literature and theory 300 $aBibliographic Level Mode of Issuance: Monograph 311 $a0-8101-2865-9 320 $aIncludes bibliographical references (pages 125-155) and index. 327 $aIntroduction: Scrounging in the Soviet garbage pit -- Writing a precarious balance -- He does not love us when we are dirty -- Things that should not be found -- Lost in translation -- Conclusion: Writers forward!. 410 0$aStudies in Russian literature and theory. 606 $aRussian literature$y20th century$xHistory and criticism 606 $aSocialist realism in literature 606 $aVillains in literature 615 0$aRussian literature$xHistory and criticism. 615 0$aSocialist realism in literature. 615 0$aVillains in literature. 676 $a891.7093580904 700 $aLaursen$b Eric$f1957-$01625962 801 0$bMiAaPQ 801 1$bMiAaPQ 801 2$bMiAaPQ 906 $aBOOK 912 $a9910819043103321 996 $aToxic voices$93961753 997 $aUNINA